Nuestras experiencias pedagógicas, documentación narrativa de la práctica docente / (Record no. 160970)

MARC details
000 -CABECERA
campo de control de longitud fija 00612nam a2200193 a 4500
005 - FECHA Y HORA DE LA ÚLTIMA TRANSACCIÓN
campo de control 20240806123201.0
008 - ELEMENTOS DE LONGITUD FIJA--INFORMACIÓN GENERAL
campo de control de longitud fija 121121s2007 mx r 000 0 spa d
020 ## - NÚMERO INTERNACIONAL NORMALIZADO PARA LIBROS
Número Internacional Estándar del Libro 9685730903
035 ## - NÚMERO DE CONTROL DEL SISTEMA
Número de control de sistema UPN01000188867
049 ## - COLECCIÓN
Colección CG
050 #4 - SIGNATURA TOPOGRÁFICA DE LA BIBLIOTECA DEL CONGRESO
Número de clasificación LB1027
Número de documento/Ítem N8.37
245 00 - MENCIÓN DE TÍTULO
Título Nuestras experiencias pedagógicas, documentación narrativa de la práctica docente /
Mención de responsabilidad, etc. coord. Víctor Manuel García.
260 ## - PUBLICACIÓN, DISTRIBUCIÓN, ETC.
Lugar de publicación, distribución, etc. Oaxaca :
Nombre del editor, distribuidor, etc. IEEPO,
Fecha de publicación, distribución, etc. 2007.
300 ## - DESCRIPCIÓN FÍSICA
Extensión 236 p. :
Otras características físicas gráfs.
650 #4 - ASIENTO SECUNDARIO DE MATERIA - TERMINO TEMATICO
Término de materia o nombre geográfico como elemento de entrada Prácticas de la enseñanza
Subdivisión geográfica Oaxaca
9 (RLIN) 21797
700 1# - ASIENTO SECUNDARIO--NOMBRE DE PERSONAL
Nombre de persona García, Víctor Manuel,
Término indicativo de función/relación coord.
905 ## - TIPO DE MATERIAL
Tipo de material Libro
Holdings
Estado de retiro Estado de pérdida Fuente del sistema de clasificación o colocación Estado dañado No para préstamo Código de colección Localización permanente Ubicación/localización actual Ubicación en estantería Total de préstamos Clasificación Código de barras Fecha visto por última vez Número de copia Tipo de ítem Koha
    Library of Congress Classification     Colección General Bib. Gregorio Torres Quintero Bib. Gregorio Torres Quintero Planta baja 5 LB1027 N8.37 287094 31/12/2020 1 Libro